Reflections : (Record no. 42)

000 -LEADER
fixed length control field nam a22 a 4500
003 - CONTROL NUMBER IDENTIFIER
control field AKMAL
005 - DATE AND TIME OF LATEST TRANSACTION
control field 20170413125532.0
008 - FIXED-LENGTH DATA ELEMENTS--GENERAL INFORMATION
fixed length control field 050304s2004 wau e|b 000 0 eng d
020 ## - INTERNATIONAL STANDARD BOOK NUMBER
International Standard Book Number 0615124879 (pbk.) :
Terms of availability RM70.00
039 #9 - LEVEL OF BIBLIOGRAPHIC CONTROL AND CODING DETAIL [OBSOLETE]
Level of rules in bibliographic description 200609281535
Level of effort used to assign nonsubject heading access points fatimah
Level of effort used to assign subject headings 200509220941
Level of effort used to assign classification hakim
Level of effort used to assign subject headings 200503071458
Level of effort used to assign classification manoriah
040 ## - CATALOGING SOURCE
Original cataloging agency AKMAL
082 04 - DEWEY DECIMAL CLASSIFICATION NUMBER
Classification number 321
Edition number 22
090 00 - LOCALLY ASSIGNED LC-TYPE CALL NUMBER (OCLC); LOCAL CALL NUMBER (RLIN)
Classification number (OCLC) (R) ; Classification number, CALL (RLIN) (NR) 321
Local cutter number (OCLC) ; Book number/undivided call number, CALL (RLIN) REF
245 0# - TITLE STATEMENT
Title Reflections :
Remainder of title the Mahathir years /
Statement of responsibility, etc. editor Bridget Welsh
260 ## - PUBLICATION, DISTRIBUTION, ETC.
Place of publication, distribution, etc. Washington :
Name of publisher, distributor, etc. Southeast Asia Studies Program ,
Date of publication, distribution, etc. 2004
300 ## - PHYSICAL DESCRIPTION
Extent xix, 504p. ;
Dimensions 21cm.
504 ## - BIBLIOGRAPHY, ETC. NOTE
Bibliography, etc. note Includes bibliographical references
600 0# - SUBJECT ADDED ENTRY--PERSONAL NAME
Personal name Mahathir bin Mohamad,
Titles and other words associated with a name Dato' Seri,
Dates associated with a name 1925-
9 (RLIN) 5
651 #0 - SUBJECT ADDED ENTRY--GEOGRAPHIC NAME
Geographic name Malaysia
General subdivision Politics and government
Chronological subdivision 21st century
9 (RLIN) 147
651 #0 - SUBJECT ADDED ENTRY--GEOGRAPHIC NAME
Geographic name Malaysia
General subdivision Economic policy
Chronological subdivision 21st century
9 (RLIN) 148
651 #0 - SUBJECT ADDED ENTRY--GEOGRAPHIC NAME
Geographic name Malaysia
General subdivision Foreign relations
9 (RLIN) 11
700 11 - ADDED ENTRY--PERSONAL NAME
Personal name Welsh, Bridget
9 (RLIN) 149
942 ## - ADDED ENTRY ELEMENTS (KOHA)
Source of classification or shelving scheme
Koha item type Book
Holdings
Withdrawn status Lost status Source of classification or shelving scheme Damaged status Not for loan Collection code Home library Current library Shelving location Date acquired Inventory number Total Checkouts Full call number Barcode Date last seen Price effective from Koha item type
          NON-FICTION AKMAL Melaka AKMAL Melaka PINJAMAN 13.04.2017 303698   321 REF 201700066 13.04.2017 13.04.2017 Book
          NON-FICTION AKMAL Melaka AKMAL Melaka PINJAMAN 11.05.2017 303697   321 REF 201702925 11.05.2017 11.05.2017 Book
Pusat Sumber Maklumat Dato' Haji Sarmin Md Hussin, Akademi Kastam Diraja Malaysia, Melaka
Tel: 06-2331106 | Faks: 06-2313787